000 00459nam a22001577a 4500
003 OSt
008 250902b |||||||| |||| 00| 0 eng d
041 _aeng
082 _a494.81203
_bEDA/NA
100 _aEdavoor, Sandhya
_97820
245 _aNanartha nighandu /
_bനാനാര്‍ത്ഥ നിഘണ്ടു
260 _aThiruvananthapuram :
_bChintha Publishers,
_c2024.
300 _a295 p.
650 _aDictionary - Malayalam
_97821
942 _cBK
999 _c19505
_d19505